000
00345pab a2200145 454500
008
180718b1997 xxu||||| |||| 00| 0 eng d
100
_a
Leela Krishnan, P.
245
_a
Judicial activism and environmental law
260
_c
1997
300
_a
p.57-67
362
_a
Apr-Jun
650
_a
Judiciary
773
_a
Administrator
909
_a
37608
999
_c
37608
_d
37608